| 000 | 00533nam a2200205Ia 4500 | ||
|---|---|---|---|
| 008 | 160803s9999 xx 000 0 und d | ||
| 020 | _a9780060230067 | ||
| 100 | _aJohnson, Crockett | ||
| 245 | 2 | _aA picture for Harold's room / | |
| 245 | _cstory and pictures by Crockett Johnson. | ||
| 260 | _aNew York : | ||
| 260 | _bScholastic Inc. | ||
| 260 | _c1960 | ||
| 300 | _a64 pages : | ||
| 300 | _billustration (some col.) ; | ||
| 300 | _c21 cm. | ||
| 440 | _aAn I can read book. | ||
| 650 | _aFantasy. | ||
| 700 | _a310 | ||
| 999 |
_c299860 _d299860 |
||